000 01376nam a22002297a 4500
005 20180518100217.0
008 140428s2012 ko abdogr|||| 00| 0 eng d
041 _aeng
082 _a333.9516
_bK94i
111 2 _aInternational Workshop on Future Plan for South-South Cooperation on Biodiversity Conservation Development
_cSeoul
_dSeptember 7 2012
_923867
242 1 0 _aTaller Internacional sobre el Plan de Futuro para la Cooperación Sur-Sur en Biodiversidad para el Desarrollo de la Conservación
_cKorean Society of Nature Conservation, World Conservation Congress, National Institute of Biological Resources
_yspa
245 1 0 _aInternational Workshop on Future Plan for South-South Cooperation on Biodiversity Conservation Development
_cKorean Society of Nature Conservation, World Conservation Congress, National Institute of Biological Resources
260 3 _aSeoul
_bKorean Society of Nature Conservation
_c2012
300 _a122 p.
_bil., fot., mapas, tablas, gráficas
_c30 cm
590 _a242 traducción por la agencia catalogadora
650 4 _aBiodiversidad
_vTaller
_xConservación
_923868
650 4 _aBiodiversidad
_vTaller
_xCooperación
_923869
710 2 _aKorean Society of Nature Conservation
_923841
710 2 _aWorld Conservation Congress
_923842
710 2 _923391
_aNational Institute of Biological Resources
_c(Corea del Sur)
942 _2ddc
_cImpreso
999 _c8408
_d8408